Report, 1967. (Record no. 89164)

MARC details
000 -LEADER
fixed length control field 00741cam a2200265 4500
001 - CONTROL NUMBER
control field sa 68019960
003 - CONTROL NUMBER IDENTIFIER
control field DLC
005 - DATE AND TIME OF LATEST TRANSACTION
control field 20260227112721.0
008 - FIXED-LENGTH DATA ELEMENTS--GENERAL INFORMATION
fixed length control field 730220s1968 ii 000 0 eng
010 ## - LIBRARY OF CONGRESS CONTROL NUMBER
LC control number sa 68019960
025 ## - OVERSEAS ACQUISITION NUMBER
Overseas acquisition number PL480:I-E-11137
040 ## - CATALOGING SOURCE
Original cataloging agency DLC
Transcribing agency DLC
Modifying agency DLC
043 ## - GEOGRAPHIC AREA CODE
Geographic area code a-ii---
050 00 - LIBRARY OF CONGRESS CALL NUMBER
Classification number HD8039.T42
Item number I457
082 00 - DEWEY DECIMAL CLASSIFICATION NUMBER
Classification number 331.7/67/700954792
110 1# - MAIN ENTRY--CORPORATE NAME
Corporate name or jurisdiction name as entry element Maharashtra, India (State).
Subordinate unit Badli Labour Inquiry Committee.
245 00 - TITLE STATEMENT
Title Report, 1967.
260 ## - PUBLICATION, DISTRIBUTION, ETC.
Place of publication, distribution, etc. Bombay,
Name of publisher, distributor, etc. Printed at the Govt. Central Press,
Date of publication, distribution, etc. 1968.
300 ## - PHYSICAL DESCRIPTION
Extent 55 p.
Dimensions 22 cm.
350 ## - PRICE (NR) (BK AM CF MU VM SE) [OBSOLETE]
Price Re0.45
500 ## - GENERAL NOTE
General note Cover title.
500 ## - GENERAL NOTE
General note Chairman: K. R. Wazkar.
650 #0 - SUBJECT ADDED ENTRY--TOPICAL TERM
Topical term or geographic name entry element Textile workers
Geographic subdivision India
-- Maharashtra.
700 1# - ADDED ENTRY--PERSONAL NAME
Personal name Wazkar, K. R.

No items available.

Powered by Koha